Statistiken für Länder nach Fotos ihrer Anführer #2

Klicken Sie hier um das Quiz zu spielen!

Allgemein

  • Dieses Quiz wurde 98 mal gespielt
  • Das Durchschnittsergebnis liegt bei 6 aus 16

Antwortstatistiken

Antwort% Korrekt
Vatikanstadt
99%
Nordkorea
98%
Israel
68%
Südkorea
55%
Vereinigte Arabische Emirate
52%
Ungarn
47%
Philippinen
42%
Griechenland
37%
Ukraine
33%
Venezuela
31%
Südafrika
24%
Nigeria
18%
Kuba
13%
Argentinien
10%
Brunei
10%
Irland
5%

Verteilung der Resultate

Perzentil nach korrekt beantworteten Fragen

Anzahl Personen mit jedem Resultat

Ihre Resultats-Entwicklung

Sie haben dieses Quiz noch nicht gespielt